[Event "Edinburgh m"]
[Site "Edinburgh"]
[Date "1997.12.15"]
[Round "2"]
[White "Hillarp Persson, Tiger"]
[Black "Rowson, Jonathan"]
[Result "0-1"]
[WhiteElo "2445"]
[BlackElo "2490"]
[Annotator "Hecht,H"]
[PlyCount "80"]
[EventDate "1997.12.14"]
[EventType "match"]
[EventRounds "6"]
[EventCountry "SCO"]
[SourceTitle "CBM 063"]
[Source "ChessBase"]
[SourceDate "1998.03.26"]
[SourceVersion "1"]
[SourceVersionDate "1998.03.26"]
[SourceQuality "1"]

1. d4 Nf6 2. c4 g6 3. Nc3 d5 4. cxd5 Nxd5 5. e4 Nxc3 6. bxc3 c5 7. Be3 cxd4 {N}
8. cxd4 e5 9. Nf3 (9. Bb5+ Nc6 (9... Bd7 10. Bxd7+ Nxd7 11. d5 $14) 10. Qa4 Bd7
(10... exd4 $2 11. Bxd4 Rg8 12. Nf3 $16) 11. d5 Qa5+ $5 (11... Nb4 12. Nf3 f6 (
12... Bd6 13. Rb1 $16) 13. Rb1 a6 (13... a5 14. O-O $16) 14. Bxd7+ Qxd7 15.
Qxd7+ (15. Rxb4 b5 16. Qb3 Bxb4+ 17. Qxb4 Kf7 $16) 15... Kxd7 16. Kd2 Nxa2 (
16... b5 17. a3 Na2 18. Rb2 $18) 17. Rxb7+ Kc8 18. Rb6 a5 (18... Nb4 19. Rc1+
Kd7 20. Rxf6 $18) 19. Ra1 Nb4 20. Rxf6 Be7 21. Rb6 Ra6 22. Rc1+ (22. Rxa6 Nxa6
23. Nxe5 $18) 22... Kd7 23. Nxe5+ {Ftacnik,L 1-0 Hansen,L-Djuric,S/Bled/
Rogaska Slatina 1991/CBM 24/[Ftacnik]}) 12. Qxa5 Nxa5 13. Rb1 Bxb5 14. Rxb5 b6
$13) (9. dxe5 Qa5+ 10. Bd2 Qxe5 11. Bd3 Bg7 12. Rc1 O-O $10) 9... Bb4+ 10. Bd2
Bxd2+ 11. Qxd2 exd4 12. Nxd4 O-O 13. Bc4 Re8 14. Qf4 Re7 15. Rd1 Qa5+ 16. Kf1
Qc7 17. Qxc7 Rxc7 18. Bd5 Bd7 19. Ke2 Na6 20. Rc1 Rac8 21. Rxc7 Rxc7 22. Rb1 b6
23. Kd2 Kf8 24. h4 h5 25. f4 Rc5 26. Rc1 Rxc1 27. Kxc1 Ke7 28. Kd2 Nc7 29. Bb3
Ne6 30. Bxe6 Bxe6 31. Nxe6 Kxe6 {[#] Motiv: entfernter schwarzer Freibauer am
Damenflügel.} 32. Kc3 Kd6 33. Kc4 a6 34. Kd4 b5 35. e5+ Kc6 36. Ke4 a5 37. f5
b4 38. g4 (38. f6 Kd7 39. Kd5 a4 40. Kc4 b3 41. axb3 axb3 42. Kxb3 Ke6 43. Kc4
Kxe5 44. Kd3 Kxf6 (44... Kf4 45. Kd4 {und nun prüfen Sie bitte selbst die
Folgen von a) 45...Kg3, b) 45...g5. Vielleicht ist hier ein einfacherer Gewinn
verborgen?}) 45. Ke4 {[#] Das Endspiel 2-3 an einem Flügel ist in aller Regel
verloren. Einige Beispiele:} Ke6 $5 (45... g5 $1 46. hxg5+ Kxg5 47. Kf3 (47.
Ke5 Kg4 48. Kf6 Kg3 49. Kg5 h4 50. Kh5 f6 $19) 47... h4 48. Ke3 Kg4 49. Kf2 Kf4
50. Ke2 Kg3 51. Kf1 h3 52. Kg1 (52. gxh3 Kxh3 53. Kf2 Kg4 54. Kg2 Kf4 55. Kf2
f5 $19) 52... f6 53. gxh3 Kxh3 54. Kf2 Kg4 55. Kg2 Kf4 56. Kf2 f5 $19) 46. g3
$6 (46. Kf4 $1 f6 47. Ke4 g5 48. hxg5 fxg5 49. g3 Kf6 50. Kf3 Ke5 (50... Kf5
51. g4+ hxg4+ 52. Kg3 $11) 51. Ke3 $11) 46... f6 47. Kf4 (47. Kd4 Kf5 48. Ke3
Kg4 49. Kf2 f5 50. Kg2 f4 $19) 47... Kd5 48. Kf3 Kd4 49. Kf4 Kd3 50. Kf3 g5 51.
hxg5 (51. g4 hxg4+ 52. Kxg4 gxh4 53. Kxh4 Ke4 $19) 51... fxg5 52. Kf2 g4 $19)
38... hxg4 39. e6 gxf5+ 40. Ke5 (40. Kf4 Kd6 $1 (40... fxe6 $2 41. h5 e5+ 42.
Kg3 e4 43. h6 e3 44. h7 f4+ 45. Kg2 f3+ 46. Kf1 g3 47. h8=Q g2+ 48. Kg1) 41.
exf7 Ke7) 40... fxe6 0-1

[Event "Pamplona 9596 6th"]
[Site "Pamplona"]
[Date "1996.??.??"]
[Round "?"]
[White "San Segundo Carrillo, Pablo"]
[Black "De la Villa Garcia, Jesus Maria"]
[Result "1/2-1/2"]
[WhiteElo "2520"]
[BlackElo "2500"]
[Annotator "Hecht,H"]
[PlyCount "67"]
[EventDate "1995.12.??"]
[EventType "tourn"]
[EventRounds "9"]
[EventCountry "ESP"]
[EventCategory "13"]
[SourceTitle "CBM 052"]
[Source "ChessBase"]
[SourceDate "1996.06.01"]
[SourceVersion "1"]
[SourceVersionDate "1996.06.01"]
[SourceQuality "1"]

1. d4 Nf6 2. Nf3 g6 3. c4 Bg7 4. Nc3 d5 5. cxd5 Nxd5 6. e4 Nxc3 7. bxc3 c5 8.
Rb1 O-O 9. Be2 cxd4 10. cxd4 Qa5+ 11. Bd2 Qxa2 12. O-O Bg4 13. Bg5 h6 14. Be3
Nc6 15. Rxb7 Rfb8 16. Rxb8+ Rxb8 17. h3 Bxf3 18. Bxf3 Rd8 19. d5 e6 20. Qc1 Ne5
21. Qc7 Rd7 22. Qc8+ Kh7 23. Bg4 h5 24. Bf4 hxg4 25. Bxe5 Qa4 26. Bxg7 Kxg7 {
DT-DT: ausgelassene Gewinnchance durch gedeckten weißen Freibauern (30.e5)} 27.
Qc3+ Kh7 28. Rb1 {[%cal Rb1b8,Rb8h8]} Re7 29. d6 (29. Rb8 e5 30. d6 $2 Qd1+)
29... Rd7 30. hxg4 $6 (30. e5 $1 {mit Angriffs- und Endspielchancen durch den
gedeckten Freibauern d6}) 30... Rxd6 31. Rb8 Qd1+ 32. Kh2 Rd8 33. Rb7 Rd7 34.
Qc6 1/2-1/2

[Event "RUS-Cup03 Geller Memorial"]
[Site "Moscow"]
[Date "1999.02.07"]
[Round "6"]
[White "Sretenskij, Nikolai V"]
[Black "Beshukov, Sergei"]
[Result "1-0"]
[WhiteElo "2435"]
[BlackElo "2511"]
[Annotator "Hecht,H"]
[PlyCount "97"]
[EventDate "1999.02.10"]
[EventType "swiss"]
[EventRounds "9"]
[EventCountry "RUS"]
[SourceTitle "CBM 070"]
[Source "ChessBase"]
[SourceDate "1999.06.08"]
[SourceVersion "1"]
[SourceVersionDate "1999.06.08"]
[SourceQuality "1"]

1. d4 Nf6 2. c4 g6 3. Nc3 d5 4. cxd5 Nxd5 5. e4 Nxc3 6. bxc3 Bg7 7. Be3 c5 8.
Qd2 Qa5 9. Rb1 b6 10. Nf3 O-O 11. Rc1 cxd4 12. cxd4 Qxd2+ 13. Kxd2 e6 14. Bd3
Ba6 15. a4 Bxd3 16. Kxd3 Na6 17. Rc4 Rfd8 18. Ke2 Rac8 19. Rhc1 Rxc4 20. Rxc4
h6 21. Ne1 Kf8 22. Nc2 Ke7 23. Na3 Nb8 24. Bf4 Nd7 25. Nb5 e5 26. dxe5 Nc5 27.
Be3 Bxe5 28. Bxc5+ bxc5 29. Rxc5 Bb8 30. Rc6 Rd7 31. g3 h5 32. h3 Rb7 33. Ke3
Kd7 34. Ra6 Ke7 35. f4 Kd7 36. e5 Ke7 37. Ke4 Kf8 38. Kd5 Ke7 39. Rc6 Rd7+ 40.
Ke4 Rb7 41. g4 hxg4 42. hxg4 Kd7 43. Rf6 Ke7 44. g5 Kf8 45. Kd5 Ke7 46. Nd6
Bxd6 47. exd6+ Kd8 48. f5 gxf5 49. g6 (49. g6 fxg6 50. Rf8+ Kd7 51. Rf7+ Kc8
52. Rxb7 Kxb7 53. Ke6 Kc8 54. Ke7 $18) 1-0

[Event "EU-ch 2nd"]
[Site "Ohrid"]
[Date "2001.06.11"]
[Round "10"]
[White "Halkias, Stelios"]
[Black "Eljanov, Pavel"]
[Result "1-0"]
[WhiteElo "2494"]
[BlackElo "2558"]
[Annotator "Hecht,H"]
[PlyCount "93"]
[EventDate "2001.06.01"]
[EventType "swiss"]
[EventRounds "13"]
[EventCountry "YUG"]
[SourceTitle "CBM 084"]
[Source "ChessBase"]
[SourceDate "2001.09.13"]
[SourceVersion "1"]
[SourceVersionDate "2001.09.13"]
[SourceQuality "1"]

1. d4 Nf6 2. c4 g6 3. Nc3 d5 4. cxd5 Nxd5 5. e4 Nxc3 6. bxc3 Bg7 7. Nf3 c5 8.
Rb1 O-O 9. Be2 b6 10. O-O Bb7 11. Qd3 Qc7 12. Bg5 Nd7 13. Qe3 e6 14. e5 Rae8
15. Bb5 Bc6 16. Bxc6 Qxc6 17. h4 f6 18. exf6 Nxf6 19. Ne5 Qc7 20. Rbe1 Nd5 21.
Qg3 Rf5 22. h5 gxh5 23. Bh6 Kh8 24. c4 Bxh6 25. cxd5 Bf4 26. Qh3 Bxe5 27. dxe5
Rxe5 28. d6 Qg7 29. d7 Rd8 30. Rxe5 Qxe5 31. Rd1 $44 {infolge des Bd7 und dem
offenen schwarzen König} Qf6 (31... h6 $142 $15 {mehr Luft für den König}) 32.
Qxh5 c4 33. Rc1 Qe7 (33... Kg7 $5) 34. Qe5+ Qg7 35. Qxe6 Qxd7 36. Qf6+ Kg8 37.
Qg5+ Kh8 38. Qf6+ Kg8 39. Rc3 $1 $40 {[%cal Rc3g3]} Qd1+ 40. Kh2 Rd3 41. Qg5+
Kf7 42. Qf5+ Ke7 43. Rxc4 $18 Rd5 44. Rc7+ Kd6 {# in 7} (44... Rd7 45. Rxd7+
Qxd7 46. Qxh7+ Kd6 47. Qxd7+ Kxd7 48. g4 b5 49. Kg3 a5 50. Kf4 $18) 45. Qd7+
Ke5 46. Qe8+ Kf5 47. Rf7+ (47. Rf7+ Kg4 48. Qg8+ Rg5 49. Qc8+ (49. f3+)) 1-0

[Event "RUS-chT 05th"]
[Site "Maikop"]
[Date "1998.06.06"]
[Round "4"]
[White "Kiriakov, Petr"]
[Black "Notkin, Maksim"]
[Result "1-0"]
[WhiteElo "2495"]
[BlackElo "2505"]
[Annotator "Hecht,H"]
[PlyCount "97"]
[EventDate "1998.06.03"]
[EventType "team-tourn"]
[EventRounds "11"]
[EventCountry "RUS"]
[SourceTitle "CBM 066"]
[Source "ChessBase"]
[SourceDate "1998.09.30"]
[SourceVersion "1"]
[SourceVersionDate "1998.09.30"]
[SourceQuality "1"]
[WhiteTeam "Tomsk 400"]
[BlackTeam "Moscow Apiko-Yakimanka"]
[WhiteTeamCountry "RUS"]
[BlackTeamCountry "RUS"]

1. d4 Nf6 2. c4 g6 3. Nc3 d5 4. Nf3 Bg7 5. cxd5 Nxd5 6. e4 Nxc3 7. bxc3 c5 8.
Rb1 O-O 9. Be2 cxd4 10. cxd4 Qa5+ 11. Qd2 Qxd2+ 12. Bxd2 b6 13. O-O Bb7 14. d5
Ba6 15. Bxa6 Nxa6 16. Be3 Rfc8 17. Rfc1 Kf8 18. Kf1 Rxc1+ 19. Rxc1 Nb4 20. Bd2
a5 21. a3 Nd3 22. Rc6 b5 23. Ke2 Ne5 24. Rc5 b4 25. axb4 Nxf3 26. Kxf3 a4 27.
Rc2 a3 28. Ra2 Bb2 29. Be3 Ra4 30. Bc5 Bc3 31. b5 Bb4 32. Bxb4 Rxb4 33. Rxa3
Rxb5 {[#] 5-4 am Königsflügel. Je mehr Bauern an Bord sind desto größer sind
die Gewinnchancen für die Seite mit dem Mehrbauern. Weiß setzt auf Raumgewinn
mit den Mittelbauern verbunden mit der Einengung des schwarzen Königs.} 34. Rd3
h5 35. h4 Rb2 36. g3 Ra2 37. Ke3 Rb2 38. f3 f6 39. f4 Rb4 40. e5 fxe5 (40... f5
41. Ra3 Ke8 42. Ra8+ Kf7 43. e6+ Kg7 44. Re8 Rb7 45. Kd4 Rb4+ 46. Kc5 Rb7 47.
Kc6 Ra7 48. Kb6 $18) 41. fxe5 g5 42. hxg5 Rg4 43. Kf3 Rxg5 44. Kf4 Rg4+ 45. Kf5
Kf7 46. Ra3 Rd4 47. d6 $1 $18 e6+ (47... exd6 48. e6+ Ke7 (48... Kg7 49. Ra7+
Kg8 50. Ra8+ Kg7 51. e7 $18) (48... Kf8 49. Kf6 $18) (48... Ke8 49. Kf6 $18) (
48... Kg8 49. Ra8+ $18) 49. Ra7+ Kd8 50. Kf6 $18) 48. Kg5 Re4 49. Ra7+ 1-0

[Event "Escaldes zt"]
[Site "Escaldes"]
[Date "1998.11.10"]
[Round "5"]
[White "Arlandi, Ennio"]
[Black "Illescas Cordoba, Miguel"]
[Result "1-0"]
[WhiteElo "2440"]
[BlackElo "2605"]
[Annotator "Hecht,H"]
[PlyCount "97"]
[EventDate "1998.11.06"]
[EventType "swiss"]
[EventRounds "9"]
[EventCountry "AND"]
[SourceTitle "CBM 068"]
[Source "ChessBase"]
[SourceDate "1999.02.01"]
[SourceVersion "1"]
[SourceVersionDate "1999.02.01"]
[SourceQuality "1"]

1. d4 Nf6 2. c4 g6 3. Nc3 d5 4. cxd5 Nxd5 5. Bd2 Nb6 6. Bg5 Bg7 7. e3 O-O 8.
Nf3 Nc6 9. Be2 a5 10. b3 a4 11. bxa4 Nd5 12. Rc1 h6 13. Bh4 Nxc3 14. Rxc3 Be6
15. a3 Na7 16. Bg3 c6 17. O-O Nc8 18. Bc4 Bd5 19. Bxd5 Qxd5 20. Qb3 Qd7 21. Rb1
Nd6 22. Qc2 Ra7 23. Ne5 Qe6 24. Nd3 Ne4 25. Nc5 Nxc5 26. Rxc5 Rfa8 27. Rb4 Bf8
28. Rc3 Qd7 29. Rbc4 e6 30. h3 Ra5 31. Be5 R8a7 32. Bb8 R7a6 33. Be5 Qd8 34. e4
Ra8 35. Rf3 Qd7 36. h4 h5 37. Bf6 Be7 38. Bxe7 Qxe7 39. g3 R8a7 40. Rfc3 Kg7
41. Rb4 Kg8 42. Kg2 Qd6 43. Rcc4 Qf8 44. Qb3 Qa8 45. Rb6 R5a6 46. Rcb4 Rxb6 47.
Rxb6 {[#] Mattüberfall} Rxa4 48. Rxb7 {[#]} Qa5 $2 (48... Rxa3 49. Qb4 $18 {
[%csl Ra3,Rf7][%cal Rb7b8,Rb4e7]}) (48... Qa6 49. Rb8+ Kg7 50. Qb2 $18 {
[%cal Rd4d5]}) 49. Qf3 $1 {[%csl Rf7]} 1-0

[Event "ARG-ch"]
[Site "Buenos Aires"]
[Date "1998.04.26"]
[Round "10"]
[White "Slipak, Sergio"]
[Black "Sorokin, Maxim"]
[Result "1/2-1/2"]
[WhiteElo "2510"]
[BlackElo "2575"]
[Annotator "Hecht,H"]
[PlyCount "114"]
[EventDate "1998.04.15"]
[EventType "tourn"]
[EventRounds "15"]
[EventCountry "ARG"]
[EventCategory "9"]
[SourceTitle "CBM 065"]
[Source "ChessBase"]
[SourceDate "1998.08.06"]
[SourceVersion "1"]
[SourceVersionDate "1998.08.06"]
[SourceQuality "1"]

1. d4 Nf6 2. c4 g6 3. Nc3 d5 4. cxd5 Nxd5 5. Bd2 Nb6 6. Bg5 Bg7 7. Nf3 O-O 8.
e3 Re8 9. Rc1 c6 10. Be2 Bg4 11. O-O N8d7 12. h3 Bxf3 13. Bxf3 Bf6 14. Bh6 Bg7
15. Bxg7 Kxg7 16. b4 e5 17. b5 Re6 18. bxc6 bxc6 19. Ne4 f5 20. Nc5 Nxc5 21.
Rxc5 exd4 22. exd4 Qf6 23. Re1 Rae8 24. Rxe6 Rxe6 25. Qd2 Rd6 26. Qe3 Qxd4 27.
Qe7+ Kg8 28. Re5 Rd8 29. Qe6+ Kg7 30. Qe7+ Kg8 31. Qe6+ Kg7 32. Bxc6 Rf8 33.
Bf3 Rf6 34. Qe8 Qa1+ 35. Re1 Qxa2 36. Qb8 Qa5 37. Re8 f4 38. Rg8+ Kh6 39. Qc7
Qe1+ 40. Kh2 Qxf2 41. Qg7+ Kg5 42. Qe7 h5 43. Rf8 Nd7 44. Rd8 Kh6 45. Re8 Qd4
46. Rh8+ Kg5 47. Rd8 Qd6 48. Qg7 Qd2 49. Rxd7 Qe1 50. Re7 Re6 51. Rxe6 Qxe6 52.
Qxa7 Qe1 53. Qd4 Qg3+ 54. Kh1 Qe1+ 55. Qg1 Qxg1+ 56. Kxg1 {[#] Because the
bishop doesn't control the promotion square h8, Black can achieve the draw
thanks to his active king. [#] Weil der Läufer nicht das Umwandlungsfeld h8
beherrscht, kann Schwarz dank seines aktiven Königs remisieren.} Kh4 57. Bc6 g5
(57... Kg3 58. Be8 f3 59. gxf3 Kxf3 $11) (57... g5 58. Kf2 g4 59. Bd7 (59. hxg4
hxg4 60. Bd5 Kg5 $11) 59... f3 60. hxg4 fxg2 $11) 1/2-1/2

[Event "Pamplona 9798 8th"]
[Site "Pamplona"]
[Date "1997.12.28"]
[Round "1"]
[White "Bacrot, Etienne"]
[Black "Illescas Cordoba, Miguel"]
[Result "1/2-1/2"]
[WhiteElo "2545"]
[BlackElo "2585"]
[Annotator "Illescas Cordoba,M"]
[PlyCount "78"]
[EventDate "1997.12.28"]
[EventType "tourn"]
[EventRounds "9"]
[EventCountry "ESP"]
[EventCategory "13"]
[SourceTitle "CBM 063"]
[Source "ChessBase"]
[SourceDate "1998.03.26"]
[SourceVersion "1"]
[SourceVersionDate "1998.03.26"]
[SourceQuality "1"]

1. d4 {Ftacnik} Nf6 2. Nf3 g6 3. c4 Bg7 4. Nc3 d5 5. cxd5 Nxd5 6. e4 Nxc3 7.
bxc3 c5 8. Rb1 O-O 9. Be2 cxd4 10. cxd4 Qa5+ 11. Bd2 Qxa2 12. O-O Bg4 $1 13.
Be3 (13. Bg5 {Ftacnik} h6 14. Be3 Nc6 15. d5 Bxf3 16. Bxf3 Ne5 17. Rxb7 e6 (
17... a5 $5) 18. dxe6 (18. Qe2 Nxf3+ 19. Qxf3 a5 20. Rfb1 Rad8 21. Rd1 Rb8 22.
Rxb8 Rxb8 23. d6 Rd8 24. h4 {1-0 Shneider,A-Ostenstad,B/World Cities 1997/ (28)
}) 18... Nxf3+ (18... fxe6 $2 19. Rxg7+ Kxg7 20. Bd4 $18) 19. Qxf3 Qxe6 (19...
fxe6 20. Qg3 Rf7 21. Rxf7 Kxf7 22. Rc1 $14) 20. Rxa7 (20. Bxa7 $2 Qa6 21. Rd7
Rxa7 22. Rxa7 Qxa7 $19) 20... Rxa7 21. Bxa7 Re8 22. Re1 (22. g3 Qxe4 {1/2-1/2
Xu Jun-Alterman,B/Bad Homburg 1997}) 22... f5 23. Qe3 fxe4 24. f3 Qa2 25. fxe4
Rd8 26. Bb6 Rd2 27. Qg3 {Oestroem,R-Eriksson,J/Hallsta op 1996/1-0 (64)}) 13...
Nc6 14. d5 Bxf3 $1 (14... Ne5 $6 15. Rxb7 e6 (15... Rfb8 {Ftacnik} 16. Rxe7 Rb2
17. Bd4 Rxe2 18. Bxe5 Bxf3 19. gxf3 Bxe5 20. Rxe5 $16) 16. d6 Bxf3 17. gxf3
Rfd8 18. Bg5 $1 $16 Rxd6 $140 $2 19. Qxd6 Qxe2 20. Rb8+ $18) 15. Bxf3 Ne5 $1 (
15... Na5 {Ftacnik}) 16. Rxb7 (16. Bc5 $5 {Ftacnik}) (16. Be2 Nc4 17. Bg5 Nd6
18. Bd3 Rfe8 19. Re1 e5 20. Bd2 b5 21. Bxb5 Nxb5 22. Rxb5 a5 23. d6 Red8 24.
Rd5 Rd7 25. Qc1 Bf8 26. Bg5 Qa4 27. Red1 Ra6 28. Be7 Rc6 29. Qd2 Bxe7 30. dxe7
Rxe7 31. Rxa5 Qc2 32. h3 {1/2-1/2 Gelfand,B-Illescas Cordoba,M/Dos Hermanas
1997/CBM 59 [Gelfand]}) 16... a5 $3 $146 {[%cal Ga5a1]} (16... e6 17. Qe2 $3
$16 (17. dxe6 {Ftacnik} Qxe6 18. Rxa7 Nxf3+ 19. Qxf3 (19. gxf3 Rxa7 20. Bxa7)
19... Rxa7 20. Bxa7 Re8 21. Re1 f5 22. Qe3 fxe4 23. f3 Qc4 24. fxe4 Re7 25. Kh1
Rf7 26. h3 Rf1+ 27. Rxf1 Qxf1+ 28. Qg1 Qd3 29. Qe1 Bc3 30. Qe3 Qb1+ 31. Qg1 {
1/2-1/2 Chernin,A-Azmaiparashvili,Z/Vidmar mem12th 1997}) (17. Be2 exd5 18.
exd5 Rfd8 19. d6 Qe6 20. Bc5 Bf8 $15) (17. d6 Qa6 18. Rc7 Nxf3+ 19. gxf3 Be5
20. Bc5 Rfd8 $17)) 17. Rxe7 a4 $44 {Ftacnik: Black's idea is quite clear, the
a pawn is extremely dangerous. Coordinated efforts of the Ra8, Qa2 and Bg7 are
forcing white to act very quickly, otherwise it would run all the way to a1.}
18. Bd4 {[%csl Re5][%cal Yd4e5,Yd4a1] /^a1-h8} (18. Qe2 {Ftacnik} Qxe2 19. Bxe2
a3 20. f4 a2 21. fxe5 a1=Q 22. Rxa1 Rxa1+ 23. Kf2 f5 $13) (18. Bf4 $2 {Ftacnik}
Qb2 $1 19. Bxe5 Bxe5 20. Qe2 a3 $19) 18... Nxf3+ (18... Rfe8 $5 19. Rxe8+ $140
Rxe8 20. Qa1 (20. Be2 $6 Rc8 $1 21. f4 $2 Rc2 $40 22. fxe5 Rxe2 23. Rf2 Rxf2
24. Bxf2 Bxe5 $19 25. d6 $140 Bxd6 {[%cal Rg1a1]}) 20... Qc4 $44 {[%csl Ga4]})
19. gxf3 Bxd4 20. Qxd4 {[%csl Gd4]} a3 21. Kg2 {Ftacnik: The big question is,
if white can do any better than play the rook endgame with 4-3 pawns.} (21. Rb7
Rfb8 $11 (21... Rfb8 {Ftacnik} 22. Qa1 Qxa1 23. Rxb8+ Rxb8 24. Rxa1 Ra8 $14) (
21... Qe2 22. Qe3 $16)) (21. d6 Qb2 $1 $11) (21. Ra1 {Ftacnik} Qb2 22. Qe5 Qxe5
(22... f6 $2 23. Qc7 $18) 23. Rxe5 a2 24. d6 Rfb8 25. Kg2 Rb1 26. Rxa2 Rxa2 27.
d7 Rd1 28. Re8+ Kg7 29. d8=Q Rxd8 30. Rxd8) (21. f4 {Ftacnik} Qb2 22. Qxb2 axb2
23. Rb7 Rfb8 24. Rxb8+ Rxb8 25. Rb1 Kf8 $14) 21... Qb2 $1 $11 {[%csl Yd4]} (
21... Qe2 $2 22. Ra1 a2 $2 23. Ra7 $18) 22. Qxb2 (22. Qe3 $2 a2 23. Ra7 Rfb8
$17) 22... axb2 23. Rb1 (23. Rb7 Rfb8 24. Rxb8+ Rxb8 25. Rb1 Kf8 26. e5 $11 (
26. e5 {Ftacnik} Ke7 $14)) (23. d6 Rfb8 24. d7 Kf8 25. Re5 f6 26. Rd5 Ke7 $11)
23... Rfb8 24. d6 $8 Kf8 (24... Ra1 {Ftacnik} 25. Rxb2 Rxb2 26. d7 Rd1 27. Re8+
Kg7 28. d8=Q Rxd8 29. Rxd8) 25. Rc7 $8 Ra1 (25... Ke8 {Ftacnik} 26. Rc2 $14)
26. Rxb2 (26. d7 {Ftacnik} Ke7 $1 27. Rc8 Kxd7 28. Rxb8 Rxb1 $17) 26... Rxb2
27. Rc8+ Kg7 28. d7 Rd2 29. d8=Q Rxd8 30. Rxd8 {Ftacnik: White chances in such
positions are usually quite miniscule.} Re1 $11 31. Rd3 (31. Kg3 {Ftacnik} Rg1+
32. Kh3 h5 $14) 31... f5 32. Rd7+ Kh6 (32... Kf6 {Ftacnik} 33. exf5 Kxf5 34.
Rxh7 $16) 33. Re7 (33. exf5 {Ftacnik} gxf5 $14) 33... Kg5 34. Rxh7 (34. e5 {
Ftacnik} h5 35. Re8 f4 $11) 34... fxe4 35. h4+ Kf6 36. Rc7 (36. f4 {Ftacnik} e3
$11) 36... exf3+ 37. Kxf3 Ra1 38. Kg4 Ra4+ 39. f4 Ra6 1/2-1/2

[Event "Porz Citroen-Cup"]
[Site "Cologne"]
[Date "1992.08.01"]
[Round "1"]
[White "Kalinitschew, Sergey"]
[Black "Holzke, Frank"]
[Result "1/2-1/2"]
[WhiteElo "2465"]
[BlackElo "2400"]
[Annotator "Kalinitschew,S"]
[PlyCount "70"]
[EventDate "1992.08.??"]
[EventType "tourn"]
[EventRounds "9"]
[EventCountry "GER"]
[EventCategory "9"]
[SourceTitle "CBM 031"]
[Source "ChessBase"]
[SourceDate "1992.12.01"]
[SourceVersion "1"]
[SourceVersionDate "1992.12.01"]
[SourceQuality "1"]

1. d4 Nf6 2. Nf3 g6 3. c4 Bg7 4. Nc3 d5 5. cxd5 Nxd5 6. e4 Nxc3 7. bxc3 c5 8.
Bb5+ Nc6 9. O-O cxd4 10. cxd4 O-O 11. Be3 Bg4 12. Bxc6 bxc6 13. Rc1 Bxf3 $2 14.
Qxf3 Bxd4 15. Rfd1 e5 16. Rxc6 (16. Bh6 c5 $5 (16... Re8 17. Rxc6 Re6 (17...
Rb8 18. Rc7 $1) (17... Bxf2+ $2 18. Kh1 Qh4 19. Rc7 $18) 18. Rxe6 fxe6 19. g3
$16) 17. Bxf8 Qxf8 $44) 16... Qe8 17. Rdc1 Bxe3 18. Qxe3 $14 Qd7 $146 (18...
Rd8 19. h4 Rd1+ 20. Rxd1 Qxc6 21. Rd5 f6 22. Qxa7 Qc1+ 23. Kh2 Qf4+ 24. g3 Qxe4
25. Rd7 g5 26. Rg7+ Kh8 27. Qe7 Rg8 28. Rf7 Qg6 29. Rxf6 Qg7 30. Rf7 {1-0
Kalinitschew,S-Chernov/Moscow Zenit 1979/}) 19. h4 Rfd8 $2 (19... Qg4) 20. h5
Qg4 21. h6 Rd1+ 22. Rxd1 Qxd1+ 23. Kh2 Qg4 $6 (23... Qh5+ 24. Qh3 Qxh3+ 25.
Kxh3 $16) 24. g3 Qd7 25. Qc5 Re8 26. Rc7 $2 (26. Kg2 $18) 26... Qd2 27. Kg2
Qxh6 28. Qd5 Qg7 29. Rxa7 Qf6 30. a4 (30. Ra8 $1) 30... Kg7 31. Rc7 $2 h5 32.
Rc6 Qg5 33. Rc7 Qf6 34. Rc6 Qg5 35. Rc7 $2 Qf6 {1.51-1.46} 1/2-1/2

[Event "DDR-ch29 Final"]
[Site "Plauen"]
[Date "1980.02.09"]
[Round "7"]
[White "Knaak, Rainer"]
[Black "Heinig, Wolfram"]
[Result "1-0"]
[WhiteElo "2535"]
[BlackElo "2330"]
[Annotator "Knaak,R"]
[PlyCount "79"]
[EventDate "1980.02.03"]
[EventType "tourn"]
[EventRounds "15"]
[EventCountry "DDR"]
[EventCategory "5"]
[SourceTitle "MCL"]
[Source "ChessBase"]
[SourceDate "1999.07.01"]
[SourceVersion "1"]
[SourceVersionDate "1999.07.01"]
[SourceQuality "1"]

1. d4 Nf6 2. c4 g6 3. Nc3 d5 4. cxd5 Nxd5 5. e4 Nxc3 6. bxc3 Bg7 7. Nf3 O-O 8.
Be3 c5 9. Rc1 cxd4 10. cxd4 Bg4 11. Be2 e6 12. O-O Nc6 13. d5 exd5 14. exd5 Ne7
(14... Nb4 $2 15. Qb3 Nxd5 16. Rfd1 Be6 17. Bc4 $18) 15. d6 Nc6 (15... Nf5 16.
Bf4 {/\ 17.h3}) 16. h3 Bd7 17. Qb3 Rb8 18. Rfd1 h6 19. Qa3 Re8 20. Bc4 Qf6 {
Schwarz hat alle schwachen Punkte überdeckt und droht sogar 21...Bxh3.} 21. Rb1
$1 a6 $6 (21... b6 22. Bb5 $16 {/\ Rdc1, Qa4}) (21... Bxh3 22. Bxa7 $16) 22.
Bb6 $1 Rbc8 23. Qb3 Bf8 24. Rd2 Nd8 (24... Bxd6 25. Rbd1 $18) 25. Rbd1 (25. Bd4
Qf5 $1 (25... Qxd6 26. Ba1 {/\ 27.Qb2}) 26. Bd3 (26. Ba1 $2 Rxc4 27. Qb2 f6)
26... Qh5 27. Ba1 $16) 25... Ne6 26. Bd5 Nd8 27. Bc7 b5 28. Nh2 $1 Kg7 29. Rd3
Re5 30. Rf3 Rf5 31. Ng4 Rxf3 32. Bxf3 Qf5 33. Be4 $1 Qe6 (33... Qxe4 34. Qb2+
f6 35. Nxf6 $18) 34. Bd5 Qf5 35. Rd3 Be6 36. Qb2+ f6 (36... Kh7 37. Nf6+ Kh8
38. Rf3 Qg5 39. Bxe6 Nxe6 (39... fxe6 40. Ne4+ Bg7 41. Rf8+ Kh7 42. Nxg5+) 40.
Ne4+ Bg7 41. Nxg5 Bxb2 42. Nxe6 fxe6 43. d7 $18) 37. Rf3 Qxd5 38. Qxf6+ Kh7 39.
Qxf8 Nf7 40. Nf6# 1-0

[Event "Cordoba op"]
[Site "Cordoba"]
[Date "1994.??.??"]
[Round "3"]
[White "Komarov, Dimitri"]
[Black "Berebora, Ferenc"]
[Result "1-0"]
[WhiteElo "2565"]
[BlackElo "2390"]
[Annotator "Komarov,D"]
[PlyCount "65"]
[EventDate "1994.07.??"]
[EventType "swiss"]
[EventRounds "9"]
[EventCountry "ESP"]
[SourceTitle "CBM 044"]
[Source "ChessBase"]
[SourceDate "1995.02.01"]
[SourceVersion "1"]
[SourceVersionDate "1995.02.01"]
[SourceQuality "1"]

1. d4 Nf6 2. c4 g6 3. Nc3 d5 4. Nf3 Bg7 5. cxd5 Nxd5 6. e4 Nxc3 7. bxc3 c5 8.
Rb1 O-O 9. Be2 Nc6 10. d5 Ne5 11. Nxe5 Bxe5 12. Qc2 Qc7 {N/} (12... Qd6 13. g3
f5 14. f4 Bg7 15. e5 Qxd5 16. O-O Rb8 17. Rd1 Qc6 18. Bb5 Qc7 19. Qb3+ Kh8 20.
Be3 b6 21. Qd5 $16 {Bagaturov,G-Smejkal,J/CZE/1993/1:0/46/}) 13. g3 e6 14. f4
Bg7 15. c4 Bd4 $1 16. h4 exd5 (16... Re8 $1 17. Bf3 e5 $13) 17. cxd5 Re8 18.
Bf3 (18. Kf1 $4 Rxe4 19. Qxe4 Bf5 $19) 18... Bd7 19. Kf1 Qa5 $2 20. Kg2 Bb5 21.
h5 Qa6 22. hxg6 hxg6 (22... fxg6 23. Qb3 Bd3 24. Qxb7 $18) 23. Bb2 Qxa2 (23...
Bd3 24. Qxc5 $1 $18) 24. g4 (24. Qxc5 Bf1+ $1 $19) (24. Qf2 $5 Qxb2 25. Rxb2
Bxf2 26. Rxb5 Bd4 27. Rxb7 $16) 24... Qc4 (24... f5 25. gxf5 gxf5 26. e5 Rf8
27. Rh5 $18) 25. Qf2 $5 Rxe4 (25... f6 26. Bxd4 cxd4 27. Qh4 $18) (25... a6 26.
Rbd1 $1 (26. Rbc1 Qxc1 $1 27. Bxd4 Qxh1+ 28. Kxh1 cxd4 29. Qxd4 $16) 26... Rxe4
(26... Bg7 27. Bxg7 Kxg7 28. Qb2+ f6 29. g5 $18) 27. Bxd4 Rxd4 28. Qh4 $18) 26.
Bxd4 Rxd4 27. Qh4 Rd2+ 28. Kg3 Qd4 29. Qh7+ Kf8 30. Qh8+ Ke7 31. Qxd4 cxd4 32.
Rxb5 Rb8 33. Ra1 1-0